| 000 | 00842nam a22002177a 4500 | ||
|---|---|---|---|
| 005 | 20240530110409.0 | ||
| 008 | 150209s2005 ua d f b 000 0 ara d | ||
| 017 |
_a2005/19023 _bمصر . دار الكتب المصرية |
||
| 020 | _a9771804081 | ||
| 040 | _aEG-CaGPL | ||
| 041 | 0 | _aara | |
| 082 | 0 | 4 |
_221 _a364.962 _bق/ ع ج |
| 100 | 0 | _aعبدالوهاب بكر | |
| 245 | 1 | 2 |
_aالجريمة فى مصر فى النصف الاول من القرن العشرين : _bالشوارع الخلفية / _cعبدالوهاب بكر |
| 260 |
_aالقاهرة : _bدار الكتب و الوثائق القومية ، _c2005 |
||
| 300 |
_a280 ص ؛ _c24 سم |
||
| 650 | 0 | 4 |
_aالجريمة و المجرمون _zمصر |
| 650 | 0 | 4 | _aالمشاكل الاجتماعية |
| 942 |
_2ddc _cBK |
||
| 999 |
_c60417 _d60417 |
||